Japanese Prefectures- Sudden Death! - Statistics

General Stats
  • This quiz has been taken 76 times
  • The average score is 17 of 28
Answers on the Grid
Answers color-coded by a green-red scale on the quiz's grid according to % correct below.
Aichi
Ainu
Aomori
Chiba
Dalian
Ehime
Formosa
Fuji
Fukuoka
Fukushima
Gunma
Hirohito
Hiroshima
Hokkaido
Honshu
Ibaraki
Iwo Jima
Kagoshima
Kanagawa
Kansai
Kanto
Karafuto
Korea
Kumamoto
Kyoto
Kyushu
Manchukuo
Mitsubishi
Miyagi
Momo
Nagano
Nagasaki
Nagoya
Nara
Nihon
Niigata
Nintendo
Okinawa
Osaka
Qingdao
Ryukyu
Saga
Saitama
Sendai
Seppuku
Shikoku
Shizuoka
Sushi
Tokugawa
Tokushima
Tokyo
Tottori
Toyama
Toyota
Tsushima
Yokohama
 
Answer Stats
Answer % Correct
Aichi
84%
Chiba
79%
Fukushima
79%
Hiroshima
79%
Aomori
76%
Hokkaido
76%
Fukuoka
74%
Kagoshima
71%
Miyagi
71%
Ehime
68%
Gunma
68%
Kyoto
68%
Kanagawa
66%
Ibaraki
63%
Kumamoto
63%
Nagano
61%
Nagasaki
61%
Nara
53%
Niigata
53%
Okinawa
50%
Osaka
50%
Saitama
47%
Toyama
47%
Saga
45%
Tokyo
45%
Shizuoka
39%
Tottori
39%
Tokushima
37%
No matching quizzes found
Score Distribution
Percent of People with Each Score
Percentile by Number Answered
Your Score History
You have not taken this quiz